000 00940nam a2200289 i 4500
003 EG-GICUC
005 20260226105646.0
008 260226s1994 ku ||||fr|||| 00| 0 eng d
040 _aEG-GiCUC
_beng
_cEG-GiCUC
_dEG-GiCUC
_erda
082 0 4 _221
_a341.720538
_bKU
092 0 4 _221
099 _aLaw1 11 341.720538 KU 1994
245 1 0 _aKuwaiti Resistance as Revealed by Iraqi Documents /
_b
_cAli Abdul-lateef Khalifouh.
264 1 _aKuwait :
_bCenter For Research and Studies on Kuwait,
_c1994.
300 _a378pages :
_billustrations,
_c24 cm
336 _2rda content
_atext
337 _2rda media
_aComputer
338 _2rda carrier
_aOnline Resource
504 _a
546 _aText in English
650 1 4 _aPublic international law
_2
651 1 _2
700 1 _aAli Abdul-lateef Khalifouh
_eCompiler.
856 4 0 _uhttps://fll.law.cu.edu.eg/fulltext/bks/B11-08032.pdf
905 _a50
942 _2ddc
_cBK
_e21
_n0
999 _c64254
_d64254